Sports Quiz

Random Sports or NBA Quiz

NBA Championship Coaches Quiz Stats

 Plays Quiz Updated Jun 13, 2019

Score 0/33 Timer 07:00
0 Plays Today
Year(s) Coach % Correct
1991-93,1996-98, 2000-02,09-10Phil Jackson
95.5%
2015, 2017, 2018Steve Kerr
93.6%
2008Doc Rivers
88.1%
2016Tyronn Lue & David Blatt
84.2%
1999, 2003, 2005, 2007, 2014Gregg Popovich
83.2%
1982,1985, 1987-88,2006Pat Riley
80.3%
2012-13Erik Spoelstra
74%
2019Nick Nurse
72.1%
1957,1959-66Red Auerbach
70.9%
2004Larry Brown
69.7%
1989-90Chuck Daly
55.2%
1994-95Rudy Tomjanovich
49.4%
1968-69Bill Russell
45.3%
1984,1986K. C. Jones
41.3%
2011Rick Carlisle
36.8%
1979Lenny Wilkens
30.7%
1977Jack Ramsay
21.9%
Year(s) Coach % Correct
1983Billy Cunningham
20.6%
1974,1976Tom Heinsohn
19.6%
1981Bill Fitch
18.4%
1970,1973Red Holzman
18.1%
1980Paul Westhead
18%
1972Bill Sharman
13.3%
1975Al Attles
11.1%
1978Dick Motta
9.4%
1958,1967Alex Hannum
6.1%
1971Larry Costello
6.1%
1949-50,1952-54John Kundla
4.5%
1947Eddie Gottlieb
2.3%
1951Les Harrison
1.8%
1955Al Cervi
1.8%
1948Buddy Jeannette
1.6%
1956George Senesky
1.2%

You're not logged in!

Compare scores with friends on all Sporcle quizzes.
OR
Log In

Sporcle TV

Today on Sporcle TV


Watch our educational content, quiz creation guides, and fun videos on Sporcle TV.

Show Comments

Extras

Top Quizzes Today


Score Distribution

Your Account Isn't Verified!

In order to create a playlist on Sporcle, you need to verify the email address you used during registration. Go to your Sporcle Settings to finish the process.

Report this User

Report this user for behavior that violates our Community Guidelines.

Details: